书目信息 |
| 题名: |
瑞典首相帕尔梅
|
|
| 作者: | 张晓华 , 李殿昌 著 | |
| 分册: | ||
| 出版信息: | 成都 四川人民出版社 1997.07 |
|
| 页数: | 304页 | |
| 开本: | 32开 | |
| 丛书名: | ||
| 单 册: | ||
| 中图分类: | K835.3 | |
| 科图分类: | ||
| 主题词: | 历史 , 地理 | |
| 电子资源: | ||
| ISBN: | 7-220-03584-5 | |
| 000 | 00611nam0 2200217 45 | |
| 001 | 0006141599 | |
| 005 | 20000614154015.9 | |
| 010 | @a7-220-03584-5@d16.00元 | |
| 100 | @a20000614d1997 km y0chiy0120 ea | |
| 101 | 0 | @achi |
| 105 | @a z 000yy | |
| 200 | 1 | @a瑞典首相帕尔梅@ARui Dian Shou Xiang Pa Er Mei@f张晓华,李殿昌著@FZhang Xiao Hua,Li Dian Chang Zhu |
| 210 | @a成都@c四川人民出版社@d1997.07 | |
| 215 | @a304页@d32开 | |
| 606 | 0 | @a历史 |
| 606 | 0 | @a地理 |
| 690 | @aK835.3@v3 | |
| 701 | 0 | @a张晓华@4著 |
| 701 | 0 | @a李殿昌@4著 |
| 801 | @aCN@bPftUser@c20000614 | |
| 905 | @b207767-768@dK835.3@eL108@f2 | |
| 瑞典首相帕尔梅/张晓华,李殿昌著.-成都:四川人民出版社,1997.07 |
| 304页;32开 |
| ISBN 7-220-03584-5:16.00元 |
| ● |
| 相关链接 |
|
|
|
正题名:瑞典首相帕尔梅
索取号:K835.3/L108
 
预约/预借
| 序号 | 登录号 | 条形码 | 馆藏地/架位号 | 状态 | 备注 |
| 1 | 207767 | 202077670 | 社科库309/309社科库 101排2列2层/ [索取号:K835.3/L108] | 在馆 | |
| 2 | 207768 | 202077689 | 社科库309/309社科库 101排2列2层/ [索取号:K835.3/L108] | 在馆 |